MARC details
| 000 -LEADER |
| fixed length control field |
02244nam a2200313 a 4500 |
| 008 - FIXED-LENGTH DATA ELEMENTS--GENERAL INFORMATION |
| fixed length control field |
090827s2008 ||||||||||||||||| || u |
| 020 ## - INTERNATIONAL STANDARD BOOK NUMBER |
| International Standard Book Number |
0072977485 |
| 050 ## - LIBRARY OF CONGRESS CALL NUMBER |
| Classification number |
HF 1017 Ess |
| 100 ## - MAIN ENTRY--PERSONAL NAME |
| Personal name |
Orris, J. B |
| 245 10 - TITLE STATEMENT |
| Title |
Essentials of business statistics. -- 2nd ed. |
| Statement of responsibility, etc. |
by Bruce L. Bowerman...[and others] |
| 250 ## - EDITION STATEMENT |
| Edition statement |
2nd ed. |
| 260 ## - PUBLICATION, DISTRIBUTION, ETC. |
| Place of publication, distribution, etc. |
New York: |
| Name of publisher, distributor, etc. |
McGraw-Hill |
| Date of publication, distribution, etc. |
2008 |
| 300 ## - PHYSICAL DESCRIPTION |
| Extent |
xviii, 654p.: ill. + CD-ROM |
| 350 ## - |
| -- |
0.00 |
| 490 ## - |
| -- |
The McGraw-Hill/Irwin series: Business statistics and quantitative methods and management science |
| 500 ## - GENERAL NOTE |
| General note |
Accompanied by a CD-Rom available in the cybrary |
| 650 #0 - SUBJECT ADDED ENTRY--TOPICAL TERM |
| Topical term or geographic name entry element |
BUSINESS |
| 650 #0 - SUBJECT ADDED ENTRY--TOPICAL TERM |
| Topical term or geographic name entry element |
COMMERCIAL STATISTICS |
| 700 ## - ADDED ENTRY--PERSONAL NAME |
| Personal name |
O'Connell, Robert T |
| 700 ## - ADDED ENTRY--PERSONAL NAME |
| Personal name |
Porter, Dawn C |
| 995 ## - |
| -- |
KAPASA MAKASA LIBRARY OPEN ACCESS |
| -- |
0.00 |
| -- |
740310 |
| -- |
CBU-KAPASA MAKASA LIBRARY (Chinsali) |
| -- |
1 |
| -- |
0.00 |
| -- |
HF 1017 Ess |
| -- |
3 |
| -- |
AVAILABLE |
| -- |
Aug 27, 2009 |
| -- |
740310 |
| -- |
Kapasa Makasa Library Open Acess Collection |
| 995 ## - |
| -- |
ANNEX COLLECTION (Main Library) |
| -- |
0.00 |
| -- |
740311 |
| -- |
CBU-MAIN LIBRARY (Kitwe) |
| -- |
1 |
| -- |
0.00 |
| -- |
HA 29 ESS |
| -- |
4 |
| -- |
AVAILABLE |
| -- |
Aug 27, 2009 |
| -- |
740311 |
| -- |
Annex Low-Usage Collection |
| 995 ## - |
| -- |
MAIN LIBRARY OPEN ACCESS |
| -- |
0.00 |
| -- |
740309 |
| -- |
CBU-MAIN LIBRARY (Kitwe) |
| -- |
1 |
| -- |
0.00 |
| -- |
HF 1017 Ess |
| -- |
2 |
| -- |
AVAILABLE |
| -- |
Aug 27, 2009 |
| -- |
740309 |
| -- |
Main Library Open Access Collection |
| 995 ## - |
| -- |
KAPASA MAKASA LIBRARY OPEN ACCESS |
| -- |
748153 |
| -- |
CBU-KAPASA MAKASA LIBRARY (Chinsali) |
| -- |
0.00 |
| -- |
HF 1017 Ess |
| -- |
8 |
| -- |
AVAILABLE |
| -- |
Sep 28, 2017 |
| -- |
748153 |
| -- |
Kapasa Makasa Library Open Acess Collection |
| 995 ## - |
| -- |
ANNEX COLLECTION (Main Library) |
| -- |
0.00 |
| -- |
740308 |
| -- |
CBU-MAIN LIBRARY (Kitwe) |
| -- |
1 |
| -- |
0.00 |
| -- |
HA 29 ESS |
| -- |
1 |
| -- |
AVAILABLE |
| -- |
Aug 27, 2009 |
| -- |
740308 |
| -- |
Annex Low-Usage Collection |
| 995 ## - |
| -- |
KAPASA MAKASA LIBRARY OPEN ACCESS |
| -- |
747973 |
| -- |
CBU-KAPASA MAKASA LIBRARY (Chinsali) |
| -- |
0.00 |
| -- |
HF 1017 Ess |
| -- |
5 |
| -- |
AVAILABLE |
| -- |
Sep 26, 2017 |
| -- |
747973 |
| -- |
Kapasa Makasa Library Open Acess Collection |
| 995 ## - |
| -- |
KAPASA MAKASA LIBRARY OPEN ACCESS |
| -- |
748154 |
| -- |
CBU-KAPASA MAKASA LIBRARY (Chinsali) |
| -- |
0.00 |
| -- |
HF 1017 Ess |
| -- |
7 |
| -- |
AVAILABLE |
| -- |
Sep 28, 2017 |
| -- |
748154 |
| -- |
Kapasa Makasa Library Open Acess Collection |
| 995 ## - |
| -- |
KAPASA MAKASA LIBRARY OPEN ACCESS |
| -- |
747972 |
| -- |
CBU-KAPASA MAKASA LIBRARY (Chinsali) |
| -- |
0.00 |
| -- |
HF 1017 Ess |
| -- |
6 |
| -- |
AVAILABLE |
| -- |
Sep 26, 2017 |
| -- |
747972 |
| -- |
Kapasa Makasa Library Open Acess Collection |
| 999 ## - |
| -- |
62829 |
| -- |
62829 |